LEADER 00974nam a2200253 4500 001 000000361433 003 CaOOAMICUS 005 20250124101129.0 008 250124s2012 it 000 u ita r 020 $a978-88-06-21240-7 040 $aSeMil$bita 100 1 $aAmmaniti, Niccolò,$d<1966- >.$0(OLS)http://semarc/name/42219 245 13$aIl momento è delicato /$cNicolò Ammaniti. 264 1$aTorino :$bEinaudi,$c2012. 300 $aXIII, 367 p. ;$c22 cm 490 1 $aEinaudi. Stile Libero Big 830 0$aEinaudi stile libero. Big.$0(OLS)http://semarc/title/12697 850 $aSeMil 852 $aSeMil$W1$xVenegono$y1$m1B IV 263$j254226$B252396$CSeMilBibl$Z2$F252396 $81 961 $aCucchetti don Stefano - Omaggio 996 $6020$a978-88-06-21240-7$9(OLS)http://semarc/number/302287 996 $6245$aIl momento è delicato$9(OLS)http://semarc/title/452161 996 $6264$aTorino :$bEinaudi$9(OLS)http://semarc/publisher/29884 LEADER 01177nam a2200265 i 4500 001 000000183499 003 CaOOAMICUS 005 20091117000000.0 008 091117s1996 it u000 u ita u 013 $a161467 040 $aSeMil$bita 245 10$aMaioliche settecentesche :$bMilano e altre fabbriche /$cA cura di Raffaella Ausenda. 260 $aSaronno :$bMuseo Giuseppe Gianetti,$c1996. 300 $a319 p. :$briccamente ill. ;$c33 cm. 490 0 $aCeramiche della collezione Gianetti ;$vVol.3 500 $aContiene : Bibliografia. - Fondo Card. C.M. Martini. 650 4$aMaioliche italiane - Sec. 18.$0(OLS)http://semarc/subject/34685 700 1 $aAusenda, Raffaella.$0(OLS)http://semarc/name/17087 830 0$aCeramiche della collezione Gianetti ;$vVol.3.$0(OLS)http://semarc/title/30011 850 $aSeMil 852 $aSeMil$W1$xVenegono$y1$m5V VII 76$j134199$B134199$CSeMilBibl$Z2$F146016 $81 941 1 $a4 961 $aOmaggio: Martini Card. Carlo Maria 996 $6245$aMaioliche settecentesche :$bMilano e altre fabbriche$9(OLS)http://semarc/title/263388 996 $6260$aSaronno :$bMuseo Giuseppe Gianetti$9(OLS)http://semarc/publisher/35721